000 00659nam a2200193Ia 4500
003 IN-BaIIA
008 211028s9999 xx 000 0 eng d
040 _cIIA Library
080 _a551.5
_bSYK
100 _aSykes, William Henry
_9459
245 0 _aDiscussion of meteorological observations taken in India, at various heights, embracing those at Dodabetta on the Neelgherry mountains, at 8640 feet above the level of the sea
_cWilliam Henry Sykes
260 _aLondon
_bJ.E.Taylor
_c1850
300 _a378p.
650 _aAstronomy and Astrophysics Thesaurus
650 _aClimatology
650 _aEarth Atmosphere
650 _aMeteorology
942 _cBK
999 _c238
_d238